| 000 | 00781nam a22001577a 4500 | ||
|---|---|---|---|
| 003 | OSt | ||
| 005 | 20151003170146.0 | ||
| 008 | 151003b xxu||||| |||| 00| 0 eng d | ||
| 040 | _cRUA | ||
| 082 | _aAVM CHH 1993 B073 Or.1 | ||
| 100 |
_91951 _aCHHIM SOKSAMNANG |
||
| 245 | _aThe study on epidemiology and prevetion measures againt sarcoptosis suis at kean svay district, kandal province, (ការសិក្សាលើកំរិតរាលដាល និងវិធានការការពារប្រយយទ្ធប្រឆំាង និងជម្ងឺមេកមជ្រូក នៅស្រុកកៀនស្វាយ ខេត្តកណ្ដាល) | ||
| 260 |
_aphnom penh _bRUA _c1993 |
||
| 300 |
_aix, 50p. _bill. _c29cm. |
||
| 942 |
_2ddc _cAVM |
||
| 999 |
_c1845 _d1845 |
||